<?xml version="1.0" encoding="UTF-8"?>
<record
    xmlns:xsi="http://www.w3.org/2001/XMLSchema-instance"
    xsi:schemaLocation="http://www.loc.gov/MARC21/slim http://www.loc.gov/standards/marcxml/schema/MARC21slim.xsd"
    xmlns="http://www.loc.gov/MARC21/slim">

  <leader>02957nam a22002417a 4500</leader>
  <controlfield tag="003">OSt</controlfield>
  <controlfield tag="005">20240403091341.0</controlfield>
  <controlfield tag="008">230905s2019    ag ||||| |||| 00| 0 spa d</controlfield>
  <datafield tag="020" ind1=" " ind2=" ">
    <subfield code="a">9789873501166</subfield>
  </datafield>
  <datafield tag="040" ind1=" " ind2=" ">
    <subfield code="b">spa</subfield>
    <subfield code="c">besoc</subfield>
  </datafield>
  <datafield tag="245" ind1="1" ind2="0">
    <subfield code="a">Artes visuales :</subfield>
    <subfield code="b">introducci&#xF3;n al lenguaje de las im&#xE1;genes /</subfield>
    <subfield code="c">Ema Brandt ... [et al.]</subfield>
  </datafield>
  <datafield tag="250" ind1=" " ind2=" ">
    <subfield code="a">1a ed.</subfield>
  </datafield>
  <datafield tag="260" ind1=" " ind2=" ">
    <subfield code="a">Buenos Aires :</subfield>
    <subfield code="b">AZ, </subfield>
    <subfield code="c">2019</subfield>
  </datafield>
  <datafield tag="300" ind1=" " ind2=" ">
    <subfield code="a">232 p.</subfield>
  </datafield>
  <datafield tag="490" ind1=" " ind2=" ">
    <subfield code="a">Serie blanca</subfield>
  </datafield>
  <datafield tag="505" ind1=" " ind2=" ">
    <subfield code="a">El Mundo de Las Im&#xE1;genes -- CAPITULO 1. El dibujo -- &#xBF;Qu&#xE9; es el dibujo?  -- Materiales y herramientas para dibujar -- Taller -- Galer&#xED;a de arte -- CAPITULO 2 . La pintura -- Colores primarios y secundarios -- Gamas crom&#xE1;ticas -- &#xBF;Con qu&#xE9; pintamos? -- Los materiales -- Herramientas para pintar -- Taller -- Galer&#xED;a de arte -- CAPITULO 3. El grabado -- Diferentes procedimientos para la realizaci&#xF3;n de grabados -- Taller -- CAPITULO 4. El collage y al t&#xE9;cnica mixta -- Un aporte del siglo xx -- Taller -- Galer&#xED;a de arte -- CAPITULO 5. La imagen en el dise&#xF1;o -- El dise&#xF1;o gr&#xE1;fico -- Taller -- Galer&#xED;a de arte -- CAPITULO 6. Arte y tecnolog&#xED;a -- La imagen fotogr&#xE1;fica -- De la fotograf&#xED;a al cine -- Del cine mudo al cine sonoro -- El cine en la Argentina -- Proceso de realizaci&#xF3;n cinematogr&#xE1;fica -- Del tel&#xE9;grafo a la televisi&#xF3;n -- La televisi&#xF3;n -- La animaci&#xF3;n  -- Taller -- Galer&#xED;a de arte --  IM&#xC1;GENES EN TRES DIMENSIONES CAPITULO 7. La escultura -- El origen de la escultura -- El modelado -- La talla -- La construcci&#xF3;n -- La escultura y el movimiento: el arte cin&#xE9;tico -- Las artes visuales en el teatro: la puesta en escena y la escenograf&#xED;a -- Taller -- Galer&#xED;a de arte -- EL ARTE EN EL TIEMPO CAPITULO 8. El arte en el tiempo -- Arte: una palabra y muchos significados -- Arte en Oriente -- Grecia -- Roma -- Edad Media -- Renacimiento -- Se anuncia el siglo XX -- Siglo XX -- Siglo XXI: inventar el futuro -- Galer&#xED;a de arte -- EL ARTE EN LA ARGENTINA CAPITULO 9. El arte en la Argentina -- Arte de los primeros habitantes -- Arte el la &#xE9;poca colonial -- Las nuevas ideas -- Artistas viajeros -- El grabado, un poco de historia -- Dos pintores criollos -- La educaci&#xF3;n art&#xED;stica -- Escultura en Argentina -- Una nueva generaci&#xF3;n de escultores -- Innovaciones en las artes visuales -- Grupo de Florida -- Artistas del Pueblo -- Artistas de la Boca -- Entre la figuraci&#xF3;n y la abstracci&#xF3;n -- Nuevos cuestionamientos -- Arte concreto -- Arte cin&#xE9;tico -- Informalismo -- La nueva figuraci&#xF3;n -- Otras formas de hacer arte -- Arte y medios de comunicaci&#xF3;n -- Arte y ecolog&#xED;a -- Artistas preocupados por lo social -- Manifestaciones art&#xED;sticas y cr&#xED;ticas politizadas -- Taller -- Llegamos al final del recorrido -- Bibliograf&#xED;a.- </subfield>
  </datafield>
  <datafield tag="650" ind1=" " ind2=" ">
    <subfield code="a">Artes visuales</subfield>
    <subfield code="v">Libros de texto</subfield>
  </datafield>
  <datafield tag="700" ind1="1" ind2=" ">
    <subfield code="a">Brandt, Emma </subfield>
    <subfield code="e">autor</subfield>
  </datafield>
  <datafield tag="700" ind1="1" ind2=" ">
    <subfield code="a">Berdichevsky, Patricia</subfield>
    <subfield code="e">autor</subfield>
  </datafield>
  <datafield tag="700" ind1="1" ind2=" ">
    <subfield code="a">Bianchi, Laura</subfield>
    <subfield code="e">autor</subfield>
  </datafield>
  <datafield tag="700" ind1="1" ind2=" ">
    <subfield code="a">Spravkin, Mariana</subfield>
    <subfield code="e">autor</subfield>
  </datafield>
  <datafield tag="942" ind1=" " ind2=" ">
    <subfield code="2">udc</subfield>
    <subfield code="c">LPD</subfield>
    <subfield code="n">0</subfield>
  </datafield>
  <datafield tag="999" ind1=" " ind2=" ">
    <subfield code="c">65</subfield>
    <subfield code="d">65</subfield>
  </datafield>
  <datafield tag="952" ind1=" " ind2=" ">
    <subfield code="0">0</subfield>
    <subfield code="1">0</subfield>
    <subfield code="2">udc</subfield>
    <subfield code="4">0</subfield>
    <subfield code="7">0</subfield>
    <subfield code="8">CG</subfield>
    <subfield code="a">ESOCIALES</subfield>
    <subfield code="b">ESOCIALES</subfield>
    <subfield code="d">2023-09-06</subfield>
    <subfield code="l">0</subfield>
    <subfield code="o">7.01(07) AR786</subfield>
    <subfield code="p">000790</subfield>
    <subfield code="r">2023-09-06 00:00:00</subfield>
    <subfield code="w">2023-09-06</subfield>
    <subfield code="y">LPD</subfield>
  </datafield>
</record>
